| 000 | 00346nam a22001097a 4500 | ||
|---|---|---|---|
| 082 |
_a343.09549 _bPAK |
||
| 245 |
_aPakistan criminal law journal 2021 / _cEdited by Muhammad Wahaj Azhar and et all |
||
| 260 |
_aLahore : _bPakistan Law House, _c2021. |
||
| 300 |
_a3 v. _c24 cm. |
||
| 650 | _2Law, Pakistan Criminal Law Journal | ||
| 942 |
_2ddc _cREF _s1 |
||
| 999 |
_c612344 _d612344 |
||